Vista normal Vista MARC

Entrada Meeting Name

Número de registros utilizados en: 1

001 - CONTROL NUMBER

  • control field: 39082

003 - CONTROL NUMBER IDENTIFIER

  • control field: OSt

005 - DATE AND TIME OF LATEST TRANSACTION

  • control field: 20210804170551.0

008 - FIXED-LENGTH DATA ELEMENTS

  • fixed length control field: 210804|| aca||aabn | a|a d

040 ## - CATALOGING SOURCE

  • Original cataloging agency: OSt
  • Transcribing agency: OSt

111 ## - HEADING--MEETING NAME

  • Meeting name or jurisdiction name as entry element: Encuentro sobre Reformas Financieras y Cooperación Regional
  • Date of meeting or treaty signing: (1996 :
  • Location of meeting: Arequipa, Perú)

670 ## - SOURCE DATA FOUND

  • Source citation: Work cat.: (OSt)8231: 16693, Reformas financieras y la cooperación regional /, 1996